000 02010nam a22002537a 4500
003 0
005 20240918142012.0
008 240918b xxu||||| |||| 00| 0 eng d
020 _a9781138091528
050 _aPN 53
_b.B46 2019
100 _aBenthien, Claudia,
_eauthor.
245 _aThe literariness of media art /
_cby Claudia Benthien, Jordis Lau, and Maraike Marxsen.
260 _aNew York :
_bRoutledge,
_c2019.
300 _ax, 320 p. :
_bill. ;
_c26 cm.
504 _aIncludes bibliographical references and index.
520 _a"The beginning of the 20th century saw literary scholars from Russia positing a new definition for the nature of literature. Within the framework of Russian formalism, the term "literariness" was coined. The driving force behind this theoretical inquiry was the desire to identify literature--and art in general--as ways of revitalizing human perception, which had been numbed by the automatization of everyday life. The transformative power of "literariness" is made manifest in many media artworks by renowned artists such as Chantal Akerman, Mona Hatoum, Gary Hill, Jenny Holzer, William Kentridge, Nalini Malani, Bruce Nauman, Martha 4 Rosler, and Lawrence Weiner. These artists, much like the young Russian and German scholars of the 20th century, use literariness as a tool to analyze the aesthetics of spoken or written language within experimental film, video performance, moving image installations and many more media-based art forms. This volume uses as its foundation the Russian formalist school of literary theory, with the goal of extending these theories to include contemporary concepts in film and media studies, such as neoformalism, intermediality, remediation, and post-drama"-- Provided by publisher.
650 _aArt and literature.
650 _aMultimedia (Art)
650 _aLiterature in art.
650 _aFormalism (Literary analysis)
700 _aLau, Jordis,
_eauthor.
700 _aMarxsen, Maraike,
_eauthor.
942 _2lcc
_cBK
999 _c366243
_d366243